01711cpcaa2200349 a 4500001001300000003000400013005001700017008004100034010001700075040002400092072001200116100002700128245004000155300001400195506002200209520048400231545003500715546003600750580005700786600006900843600005000912651002600962651005300988651006501041651003801106651002201144651002801166651005201194651006201246656003601308999001701344mm 79001741 DLC20260227111638.0791113|||||||||||| eng  amm 79001741  aDLCedacscDLCdDLC 7aC2lcmd1 aShirley, John,d-1755.00aJohn Shirley correspondence,f1755. a2fitems.0 aOpen to research.8 aTwo ALsS (1755 July 20 and September 8-11) written to Robert Hunter Morris, acting British colonial governor of Pennsylvania, by Shirley, a member of the Niagara expedition, reporting on conditions at Oswego, N.Y., the arrival of supplies, activities of the French and Indians, and plans to attack Fort Frontenac, Ont. The earlier letter contains a postscript written by Shirley's father, William Shirley, leader of the expedition and British colonial governor of Massachusetts,0 aBritish colonial army officer. aCollection material in English. aForms part of: Miscellaneous Manuscripts collection.10aMorris, Robert Hunter,dapproximately 1700-1764vCorrespondence.10aShirley, William,d1694-1771vCorrespondence. 0aFort Frontenac (Ont.) 0aMassachusettsxPolitics and governmentyTo 1775. 0aNew York (State)xHistoryyFrench and Indian War, 1754-1763. 0aNiagara Frontier (N.Y.)xHistory. 0aOntarioxHistory. 0aOswego (N.Y.)xHistory. 0aPennsylvaniaxPolitics and governmentyTo 1775. 0aUnited StatesxHistoryyFrench and Indian War, 1754-1763. 7aArmy officers, British.2itoamc c40900d40900